LEADER 01718cam1 2200457 450 001 990002903710203316 005 20160222100032.0 035 $a000290371 035 $aUSA01000290371 035 $a(ALEPH)000290371USA01 035 $a000290371 100 $a20070416g20069999km-y0itay50------ba 101 0 $aita 102 $aIT 105 $aa---||||001yy 200 1 $a<>arte del XX secolo 210 $aMilano$cSkira$d2006- 215 $avolumi$cill.$d29 cm 300 $aNell'occhietto: Protagonisti, movimenti e tematiche dell'arte dal 1900 ad oggi 463 \1$1001990002224720203316$12001 $a<<[4]:>> 1969-1999: neoavanguardie, postmoderno e arte globale 463 \1$1001990002903700203316$12001 $a<<[1]:>> 1900-1919: le avanguardie storiche 463 \1$1001990003008460203316$12001 $a<<[2]:>> 1920-1945: la cultura artistica tra le due guerre 463 \1$1001990003167460203316$12001 $a<<[3]:>> 1946-1968: la nascita dell'arte contemporanea 463 \1$1001990003446380203316$12001 $a<<[5]:>> 2000 e oltre: tendenze della contemporaneità 540 1 $a<>arte del 20. secolo 606 0 $aArte$zSec. 20.$2BNCF 676 $a709.04 801 0$aIT$bsalbc$gISBD 912 $a990002903710203316 951 $aXII.2.C. 1466/$bL.M.$cXII.2. 959 $aBK 969 $aUMA 979 $aPAOLA$b90$c20070416$lUSA01$h1303 979 $aPAOLA$b90$c20070416$lUSA01$h1303 979 $aGIUSY$b90$c20081029$lUSA01$h1641 979 $aGIUSY$b90$c20081029$lUSA01$h1703 979 $aANNAMARIA$b90$c20160222$lUSA01$h0841 979 $aANNAMARIA$b90$c20160222$lUSA01$h0913 979 $aANNAMARIA$b90$c20160222$lUSA01$h1000 996 $aArte del XX secolo$91386880 997 $aUNISA LEADER 02375oam 2200493I 450 001 9911044020503321 005 20230814233540.0 010 $a1-135-20029-7 010 $a0-203-69993-9 010 $a1-135-20028-9 024 7 $a10.4324/9780203699935 035 $a(CKB)3840000000331079 035 $a(MiAaPQ)EBC5265736 035 $a(OCoLC)1027753971 035 $a(EXLCZ)993840000000331079 100 $a20180706d2018 uy 0 101 0 $aeng 135 $aurcnu|||||||| 181 $2rdacontent 182 $2rdamedia 183 $2rdacarrier 200 10$aPerversions $eDeviant Readings by Mandy Merck /$fMandy Merck 205 $aFirst edition. 210 1$aLondon :$cTaylor and Francis,$d2018. 215 $a1 online resource (179 pages) $cillustrations 300 $aIncludes index. 311 08$a1-138-42885-X 311 08$a0-415-90792-6 327 $tpart, case histories -- $tchapter introduction /$r Mandy Merck -- $tchapter the train of thought in Freud's 'Case of Homosexuality in a Woman' /$r Mandy Merck -- $tchapter the critical cult of Dora /$r Mandy Merck -- $tchapter a case of AIDS /$r Mandy Merck -- $tpart, Portraits -- $tchapter Marilyn Monroe by Gloria Steinem, Brigitte Bardot by Simone de Beauvoir /$r Mandy Merck -- $tchapter 'Transforming the Suit': a century of lesbian self-portraits /$r Mandy Merck -- $tchapter portrait of a marriage? /$r Mandy Merck -- $tpart, heroines -- $tchapter the Amazons of ancient Athens /$r Mandy Merck -- $tchapter Lianna and the lesbians of art cinema /$r Mandy Merck -- $tchapter from robot to romance /$r Mandy Merck -- $tpart, Sexual politics -- $tchapter the fatal attraction of Intercourse /$r Mandy Merck -- $tchapter More of a Man: gay porn cruises gay politics /$r Mandy Merck -- $tchapter the feminist ethics of lesbian s/m /$r Mandy Merck. 330 2 $a"First published in 1993. Routledge is an imprint of Taylor and Francis, an informa company."--Provided by publisher. 606 $aParaphilias 606 $aDeviant behavior 606 $aSex in literature 615 0$aParaphilias. 615 0$aDeviant behavior. 615 0$aSex in literature. 676 $a364.1536 700 $aMerck$b Mandy$01599903 801 0$bFlBoTFG 801 1$bFlBoTFG 906 $aBOOK 912 $a9911044020503321 996 $aPerversions$94461108 997 $aUNINA